Wisconsin General Knowledge - Statistics

General Stats
  • This quiz has been taken 349 times
  • The average score is 10 of 15
Answer Stats
Hint Answer % Correct
Capital city between 2 major lakes Madison
97%
Food Wisconsin is most known for producing Cheese
95%
Major NFL team in above city Packers
94%
Major city on the peninsula of Lake Michigan Green Bay
91%
Major city on Lake Michigan, largest Milwaukee
89%
Another nickname: America's _________ Dairyland
86%
Motorcycle manufacturer HQed in Milwaukee Harley Davidson
86%
NBA team for the city of Milwaukee Bucks
80%
Nickname: ______ State Badger
62%
Large city north of Lake Winnebago Appleton
60%
Natural limestone cave near Blue Mounds Cave of the Mounds
38%
Department store retailing chain HQed in WI Kohls
37%
Famous tourist attraction located in Dodgeville House on the Rock
34%
Estate of famous architect Frank Lloyd Wright Taliesin
17%
3,776-acre state park near Green Bay Peninsula
13%
No matching quizzes found
Score Distribution
Percent of People with Each Score
Percentile by Number Answered
Your Score History
You have not taken this quiz